Regulation and Macroeconomic Performance / (Record no. 616715)

MARC details
000 -LEADER
fixed length control field 00883nam a2200169Ia 4500
008 - FIXED-LENGTH DATA ELEMENTS--GENERAL INFORMATION
fixed length control field 260302s9999 xx 000 0 und d
020 ## - INTERNATIONAL STANDARD BOOK NUMBER
ISBN 9780792396840
082 ## - DEWEY DECIMAL CLASSIFICATION NUMBER
Classification number 339.5
Item number CRE
100 ## - MAIN ENTRY--AUTHOR NAME
Personal name Goff, Brian L.
245 #0 - TITLE STATEMENT
Title Regulation and Macroeconomic Performance /
Statement of responsibility, etc Goff, Brian L.
260 ## - PUBLICATION, DISTRIBUTION, ETC. (IMPRINT)
Name of publisher Springer Science & Business Media,
Year of publication 1996
300 ## - PHYSICAL DESCRIPTION
Number of Pages 174 pages
520 ## - SUMMARY, ETC.
Summary, etc There are few aggregate measures of the amount of regulation in the macroeconomy, despite the enormity of regulation and its macroeconomic consequences. Regulation and Macroeconomic Performance attempts to increase the awareness of macroeconomic effects of regulation by providing some descriptions of regulation's scope and channels as well as providing quantitative assessments based on technical statistical evidence.
650 ## - SUBJECT ADDED ENTRY--TOPICAL TERM
Topical Term Business & Economics
942 ## - ADDED ENTRY ELEMENTS (KOHA)
Koha item type English Books
Holdings
Withdrawn status Lost status Damaged status Not for loan Home library Current library Shelving location Date acquired Full call number Accession Number Price effective from Koha item type
        Anna Centenary Library Anna Centenary Library 4TH FLOOR, A WING 02.03.2026 339.5 CRE 211354 02.03.2026 English Books

Find us on the map